=LDR 00000nam 2200000 4500 =001 INLIS000000000049616 =005 20200623094500 =035 ##$$a 0010-031700000000061 =008 200623################g##########0#ind## =041 ##$$a Ind =082 ##$$a 2x5.4 =090 ##$$a 2x5.4, Alk d =100 1#$$a Alkhumais, Muhammad Bin Abdurrahman =245 1#$$a Dzikir bersama sesudah shalat, orang bilang bukan tuntunan nabi, benarkah ? /$c Dr Muhammad Bin Abdurrahman Al Khumais ; penerejmah Abu Afifah =260 ##$$a Solo :$b Qblatuna,$c 2009 =300 ##$$a 140 hlm ; $c 12x18 cm =650 #4$$a Doa dan zikir =850 ##$$a NBPNMAT =020 ##$$a 978-979-19487-3-9 =084 ##$$a 2x5.4 ALK d =250 ##$$a cet.1 =710 #$$a Abu Afifah =990 ##$$a 20900690 =990 ##$$a 21602093/BPAP-NTB/2017 =990 ##$$a 20900692 =990 ##$$a 20900692 =990 ##$$a 20900690 =990 ##$$a 21602093/BPAP-NTB/2017 =990 ##$$a 20900691 =990 ##$$a 20900690 =990 ##$$a 20900692 =990 ##$$a 20900690 =990 ##$$a 20900691 =990 ##$$a 20900692